| 000 | 00667cam a2200217 a 4500 | ||
|---|---|---|---|
| 020 | _a9781412982238 (pbk. : acidfree paper) | ||
| 020 | _a1412982235 (pbk. : acidfree paper) | ||
| 040 | _cDLC | ||
| 082 | 0 | 0 | _a307 SAG 2012 A076 Or. |
| 100 | 1 | _aGreen, Gary P. | |
| 245 | 1 | 0 | _aAsset building & community development / |
| 246 | 3 | _aAsset building and community development | |
| 250 | _a3rd ed. | ||
| 260 |
_aThousand Oaks, Calif. : _bSAGE, _cc2012. |
||
| 300 |
_axvii, 339 p. : _bill. ; _c26 cm. |
||
| 650 | 0 | _aCommunity development | |
| 650 | 0 | _aCommunity development corporations. | |
| 650 | 0 | _aCommunity development. | |
| 700 | 1 | _aHaines, Anna. | |
| 942 | _cEK | ||
| 999 |
_c15456 _d15456 |
||